[Event "XLII Abierto Internacional Ciudad de Se"]
[Site "Sevilla (SPAIN)"]
[Date "2017.01.15"]
[Round "3.12"]
[White "Diaz Castro, Ismael"]
[Black "Stany, G.A."]
[Result "0-1"]
[WhiteElo "2185"]
[BlackElo "2485"]
[PlyCount "63"]
[EventDate "2017.01.13"]

1. e4 e5 2. Nf3 Nc6 3. d4 exd4 4. Bc4 Bc5 5. c3 Nf6 6. e5 d5 7. Bb5 Ne4 8. cxd4
Bb6 9. Nc3 O-O 10. Be3 Ne7 11. Bd3 f5 12. exf6 Nxf6 13. Qc2 Qe8 14. h3 Qh5 15.
O-O-O Bf5 16. g4 Bxd3 17. Qxd3 Qg6 18. Ne5 Qxd3 19. Rxd3 Rae8 20. Ne2 Nc8 21.
Nf4 c6 22. Rb3 Nd6 {Diagrama [#]} 23. Kb1 Nc4 24. Nfd3 Ne4 25. Rd1 Nxe5 26.
Nxe5 Nxf2 27. Bxf2 Rxf2 28. a4 Re7 29. Rdd3 Kf8 30. Rb4 Ke8 31. Rdb3 Rf4 32.
Rd3 0-1

[Event "XLII Abierto Internacional Ciudad de Se"]
[Site "Sevilla (SPAIN)"]
[Date "2017.01.15"]
[Round "3.13"]
[White "Ulybin, Mikhail"]
[Black "Schneider, Michael"]
[Result "1-0"]
[WhiteElo "2483"]
[BlackElo "2174"]
[PlyCount "113"]
[EventDate "2017.01.13"]

1. d4 f5 2. Nc3 Nf6 3. Bg5 d5 4. Bxf6 exf6 5. e3 Be6 6. Qf3 c6 7. Bd3 g6 8.
Nge2 h5 9. h3 Bf7 10. O-O-O Na6 11. g4 Nb4 12. gxf5 Nxd3+ 13. cxd3 g5 14. e4
Bd6 15. exd5 cxd5 16. Nxd5 Rc8+ 17. Kb1 Qa5 18. Ndc3 b5 19. Qb7 O-O 20. Qxb5
Qd8 21. d5 Rc5 22. Qa6 Ra5 23. Qb7 Bc5 24. f4 Be8 25. Qb3 Bf7 26. fxg5 fxg5 27.
Qc4 Be3 28. Qe4 Re8 29. Qf3 Qb6 30. Qg2 Rb8 {Diagrama [#]} 31. Ng3 Qb4 32. Nge4
Kh8 33. Rh2 Bf4 34. Rf1 Bxd5 35. Rxf4 Bxa2+ 36. Kc1 Bf7 37. Rf1 Ra1+ 38. Nb1
Ba2 39. Nec3 Qxc3+ 40. bxc3 Raxb1+ 41. Kd2 R8b2+ 42. Ke3 Rxg2 43. Rxg2 Rxf1 44.
Rxa2 Kg7 45. Rxa7+ Kf6 46. c4 Rxf5 47. Ra6+ Kf7 48. d4 Rf1 49. Rh6 h4 50. c5
Rh1 51. d5 Rxh3+ 52. Ke4 Rc3 53. c6 Ke8 54. Rh8+ Ke7 55. Ke5 Re3+ 56. Kd4 Re1
57. c7 1-0

[Event "XLII Abierto Internacional Ciudad de Se"]
[Site "Sevilla (SPAIN)"]
[Date "2017.01.15"]
[Round "3.14"]
[White "Esquivias Quintero, Luis Manue"]
[Black "Fernandez Romero, Ernesto"]
[Result "0-1"]
[WhiteElo "2182"]
[BlackElo "2473"]
[PlyCount "98"]
[EventDate "2017.01.13"]

1. e4 c5 2. Nc3 e6 3. Nf3 Nc6 4. d4 cxd4 5. Nxd4 Qc7 6. Be3 a6 7. Qd2 Nf6 8.
O-O-O Be7 9. f3 b5 10. g4 Nxd4 11. Qxd4 Bb7 12. g5 Nh5 13. Qd2 b4 14. Na4 d5
15. Nb6 Rd8 16. exd5 Bxd5 17. Nxd5 Rxd5 18. Bd3 O-O 19. f4 Rfd8 20. Kb1 Bc5 21.
Rhf1 g6 {Diagrama [#]} 22. Qf2 Bxe3 23. Qxe3 Rd4 24. Be2 Rxd1+ 25. Bxd1 Nxf4
26. Be2 Nxe2 27. Qxe2 a5 28. h4 Rd5 29. Qf3 Qe7 30. Qe4 a4 31. Qc4 a3 32. c3
bxc3 33. Qc8+ Qd8 34. Qxc3 Rd3 35. Qc4 Rd4 36. Qc3 axb2 37. Kxb2 Rxh4 38. Qf6
Qd2+ 39. Ka1 Qd4+ 40. Kb1 Qxf6 41. gxf6 h5 42. Kc2 Ra4 43. Kb3 Ra8 44. a4 Kh7
45. Kb4 g5 46. a5 g4 47. Kb5 Kg6 48. Kb6 g3 49. a6 h4 0-1

[Event "XLII Abierto Internacional Ciudad de Se"]
[Site "Sevilla (SPAIN)"]
[Date "2017.01.15"]
[Round "3.15"]
[White "Van Hoolandt, Patrick"]
[Black "Basso, Pier Luigi"]
[Result "0-1"]
[WhiteElo "2167"]
[BlackElo "2448"]
[PlyCount "79"]
[EventDate "2017.01.13"]

1. d4 g6 2. c4 Bg7 3. e4 e6 4. Nc3 Ne7 5. Nf3 O-O 6. h4 d5 7. e5 c5 8. dxc5
Nbc6 9. Bf4 Qa5 10. a3 dxc4 11. Bxc4 Qxc5 12. Qe2 Nd5 13. Bxd5 exd5 14. Rd1 d4
{Diagrama [#]} 15. Qb5 Qxb5 16. Nxb5 Bg4 17. Nbxd4 Nxe5 18. Bxe5 Rfe8 19. Rd3
f6 20. Rb3 fxe5 21. Ne2 b6 22. Ng5 e4 23. Ng3 Rad8 24. O-O Bd1 25. Rb4 e3 26.
fxe3 Rxe3 27. N3e4 a5 28. Nf7 axb4 29. Nxd8 Rxe4 30. Rxd1 Rd4 31. Rxd4 Bxd4+
32. Kf1 b3 33. Ke2 Bxb2 34. Kd3 Bxa3 35. Kc3 b2 36. Kc2 Be7 37. Ne6 Bxh4 38.
Kxb2 Kf7 39. Nd4 Bf2 40. Kc3 0-1

[Event "XLII Abierto Internacional Ciudad de Se"]
[Site "Sevilla (SPAIN)"]
[Date "2017.01.15"]
[Round "3.16"]
[White "Campora, Daniel H"]
[Black "Palacios Perez*, Manuel"]
[Result "1/2-1/2"]
[WhiteElo "2443"]
[BlackElo "2163"]
[PlyCount "77"]
[EventDate "2017.01.13"]

1. e4 e6 2. d4 d5 3. Nc3 Bb4 4. Nge2 Nc6 5. a3 Bxc3+ 6. Nxc3 dxe4 7. Bb5 Nge7
8. Be3 O-O 9. Qd2 e5 10. Bxc6 Nxc6 11. d5 Ne7 12. O-O-O Bg4 13. Rdg1 Qd7 14. h3
Bh5 15. g4 Bg6 16. Bc5 Rfd8 17. Bxe7 Qxe7 18. Qe3 c6 19. dxc6 bxc6 20. Rd1
Rxd1+ 21. Rxd1 h5 22. Nxe4 hxg4 23. hxg4 Rd8 24. Rxd8+ Qxd8 25. Nc3 Qb6 26.
Qxb6 axb6 27. a4 Kf8 28. b4 Ke7 29. a5 bxa5 30. bxa5 Kd6 31. a6 Kc7 32. Na4 f5
33. Nc5 Kb6 34. Nd7+ Kxa6 35. Nxe5 Be8 36. g5 Kb5 37. Kd2 Kc5 38. Ke3 Kd5 39.
Nd3 1/2-1/2

[Event "XLII Abierto Internacional Ciudad de Se"]
[Site "Sevilla (SPAIN)"]
[Date "2017.01.15"]
[Round "3.17"]
[White "Sapale, Saloni"]
[Black "Harutjunyan, Gevorg"]
[Result "0-1"]
[WhiteElo "2141"]
[BlackElo "2437"]
[PlyCount "79"]
[EventDate "2017.01.13"]

1. e4 c5 2. Nf3 e6 3. d4 cxd4 4. Nxd4 a6 5. c4 Nf6 6. Nc3 Bb4 7. Qd3 O-O 8. Be2
d6 9. Nc2 Bxc3+ 10. bxc3 Nbd7 11. f3 Ne5 12. Qd4 Nc6 13. Qe3 Qc7 14. Ba3 Rd8
15. O-O b5 16. cxb5 axb5 17. Bxb5 Ne5 18. Rfd1 Ba6 19. Bxa6 Rxa6 20. Bb4 Nc4
21. Qe2 d5 22. a3 Rda8 23. Rd4 {Diagrama [#]} Ne5 24. Rad1 Nc6 25. R4d2 dxe4
26. fxe4 h5 27. Bd6 Qb6+ 28. Kh1 Ra5 29. Rf1 Rg5 30. Bf4 Rg6 31. Nb4 Qb7 32. e5
Nxb4 33. exf6 Nd5 34. fxg7 Kxg7 35. Qf3 Rxa3 36. Be5+ f6 37. Rxd5 Qxd5 38.
Bxf6+ Kh7 39. Qxd5 exd5 40. Bd4 0-1

[Event "XLII Abierto Internacional Ciudad de Se"]
[Site "Sevilla (SPAIN)"]
[Date "2017.01.15"]
[Round "3.18"]
[White "Perez Mitjans, Orelvis"]
[Black "Helmer, Christoph"]
[Result "1-0"]
[WhiteElo "2427"]
[BlackElo "2126"]
[PlyCount "133"]
[EventDate "2017.01.13"]

1. e4 e5 2. Nf3 Nc6 3. Bb5 Nf6 4. O-O Nxe4 5. d4 Nd6 6. dxe5 Nxb5 7. a4 Nbd4 8.
Nxd4 Nxd4 9. Qxd4 d5 10. exd6 Qxd6 11. Qe4+ Qe6 12. Qf3 Bd6 13. Nc3 O-O 14. Bf4
Bxf4 15. Qxf4 c6 16. Ne4 Qg4 17. Qxg4 Bxg4 18. c4 Be2 19. Rfc1 Rad8 20. c5 Rd4
21. Nd6 Rb4 22. Rc2 Ba6 23. Rd2 g6 24. f3 Kg7 25. Kf2 h5 26. Ke1 b6 27. cxb6
axb6 28. a5 Rb8 29. Kd1 c5 30. axb6 R8xb6 31. Kc1 Rd4 32. Ne4 Rxd2 33. Nxd2 Bd3
{Diagrama [#]} 34. Nb1 Bf1 35. g3 Re6 36. Ra5 Re1+ 37. Kc2 c4 38. Nc3 Bd3+ 39.
Kd2 Rh1 40. b4 cxb3 41. Kxd3 Rxh2 42. Rb5 Rh3 43. Ne2 h4 44. Rxb3 hxg3 45. Rb1
g2 46. Ke3 Rh1 47. Ng1 Kf6 48. Kf2 Rh4 49. Kxg2 Ra4 50. Ne2 Kg5 51. Kg3 Kf6 52.
Nc3 Ra7 53. Ne4+ Kg7 54. Kf4 Re7 55. Rb8 Rd7 56. Rg8+ Kxg8 57. Nf6+ Kg7 58.
Nxd7 f6 59. Ke4 Kf7 60. Kd5 g5 61. Ke4 Kg6 62. Nf8+ Kf7 63. Kf5 Kxf8 64. Kxf6
Kg8 65. Kxg5 Kg7 66. Kf5 Kf7 67. f4 1-0

[Event "XLII Abierto Internacional Ciudad de Se"]
[Site "Sevilla (SPAIN)"]
[Date "2017.01.15"]
[Round "3.19"]
[White "Draghici Flutur*, Gavril"]
[Black "Anurag, Mhamal"]
[Result "1-0"]
[WhiteElo "2123"]
[BlackElo "2423"]
[PlyCount "89"]
[EventDate "2017.01.13"]

1. e4 c5 2. Nf3 e6 3. d4 cxd4 4. Nxd4 Nc6 5. Nc3 Qc7 6. Be2 Nf6 7. O-O a6 8.
Kh1 Be7 9. f4 d6 10. Be3 Bd7 11. a4 Na5 12. Qe1 Rc8 13. Qg3 {Diagrama [#]} Nc4
14. Bxc4 Qxc4 15. e5 Nh5 16. Qf3 g6 17. Rad1 O-O 18. exd6 Bxd6 19. Ne4 Be7 20.
b3 Qc7 21. c4 b6 22. Bc1 f5 23. Ng5 Bxg5 24. fxg5 e5 25. Qd5+ Rf7 26. Nf3 Bc6
27. Qxe5 Bxf3 28. Qxc7 Bxg2+ 29. Kxg2 Rfxc7 30. Be3 b5 31. axb5 axb5 32. cxb5
Rc3 33. Rc1 f4 34. Bd2 Rxc1 35. Rxc1 Rd8 36. Ba5 Rd5 37. b6 Rxg5+ 38. Kf3 Rb5
39. b4 Nf6 40. Rc5 Rxc5 41. bxc5 Nd7 42. b7 Ne5+ 43. Kxf4 Nc6 44. Bc7 Kf7 45.
b8=Q 1-0

[Event "XLII Abierto Internacional Ciudad de Se"]
[Site "Sevilla (SPAIN)"]
[Date "2017.01.15"]
[Round "3.20"]
[White "Morales Araujo, Francisco Javi"]
[Black "Alvarez Marquez, Johann Carlos"]
[Result "0-1"]
[WhiteElo "2116"]
[BlackElo "2404"]
[PlyCount "67"]
[EventDate "2017.01.13"]

1. f4 g6 2. Nf3 Bg7 3. g3 c5 4. Bg2 Nc6 5. d3 d6 6. c3 e5 7. e4 Nge7 8. Na3 O-O
9. O-O h6 10. Be3 exf4 11. Bxf4 Ne5 12. Qd2 Kh7 13. d4 Nxf3+ 14. Rxf3 cxd4 15.
cxd4 d5 16. e5 a6 17. Rb3 Nc6 18. Rc1 Na5 19. Rbc3 Be6 20. Rc5 Nc6 21. Nc2 f6
22. Nb4 Nxb4 23. Qxb4 fxe5 24. Bxe5 Bxe5 25. dxe5 Rf7 26. Qb3 Rd7 27. Rd1 Qe7
28. Qb6 d4 29. Be4 Rf8 {Diagrama [#]} 30. Rd3 Bf5 31. Bxf5 Rxf5 32. e6 Rxc5 33.
exd7 Qe1+ 34. Kg2 0-1

[Event "XLII Abierto Internacional Ciudad de Se"]
[Site "Sevilla (SPAIN)"]
[Date "2017.01.16"]
[Round "4.1"]
[White "Parligras, Mircea"]
[Black "Ulybin, Mikhail"]
[Result "1/2-1/2"]
[WhiteElo "2605"]
[BlackElo "2483"]
[PlyCount "85"]
[EventDate "2017.01.13"]

1. d4 e6 2. c4 f5 3. g3 Nf6 4. Bg2 d5 5. Nh3 c6 6. Qc2 Bd6 7. O-O O-O 8. Bf4
Be7 9. Nd2 Na6 10. Nf3 h6 11. Ne5 g5 12. Bd2 Bd6 13. f3 c5 14. e3 Qc7 15. Rac1
cxd4 16. exd4 dxc4 17. Qxc4 Bxe5 18. dxe5 Qxc4 19. Rxc4 Nd5 20. Nf2 Bd7 21. Rd4
Nb8 22. f4 Nc6 23. Rxd5 exd5 24. Bxd5+ Kh7 25. e6 Be8 26. Re1 Rg8 27. e7 Rg7
28. Bxc6 Bxc6 29. fxg5 Re8 30. Bb4 hxg5 31. g4 Rf7 32. h3 a5 33. Bd6 Bf3 34.
Re5 Rf6 35. Ba3 Kg6 36. Rxa5 fxg4 37. Nxg4 Bxg4 38. hxg4 Rf4 39. Rb5 Rxg4+ 40.
Kf2 Ra4 41. Rxb7 Rxa3 42. bxa3 Kf6 43. a4 {Diagrama [#]} 1/2-1/2

[Event "XLII Abierto Internacional Ciudad de Se"]
[Site "Sevilla (SPAIN)"]
[Date "2017.01.16"]
[Round "4.2"]
[White "Fernandez Romero, Ernesto"]
[Black "Santos Latasa, Jaime"]
[Result "1/2-1/2"]
[WhiteElo "2473"]
[BlackElo "2566"]
[PlyCount "42"]
[EventDate "2017.01.13"]

1. e4 c5 2. Nf3 d6 3. d4 Nf6 4. dxc5 Nxe4 5. cxd6 Nc6 6. Be3 Nxd6 7. Nc3 e5 8.
Nb5 Bf5 9. c3 a6 10. Nxd6+ Bxd6 11. Bc4 O-O 12. Ng5 Be7 13. h4 Qxd1+ 14. Rxd1
h6 15. Nf3 Rfd8 16. Bb6 Rxd1+ 17. Kxd1 Kf8 18. Nd2 Bd8 19. Bc5+ Be7 20. Bb6 Bd8
21. Bc5+ Be7 {Diagrama [#]} 1/2-1/2

[Event "XLII Abierto Internacional Ciudad de Se"]
[Site "Sevilla (SPAIN)"]
[Date "2017.01.16"]
[Round "4.3"]
[White "Lopez Martinez, Josep Manuel"]
[Black "Basso, Pier Luigi"]
[Result "1/2-1/2"]
[WhiteElo "2552"]
[BlackElo "2448"]
[PlyCount "71"]
[EventDate "2017.01.13"]

1. d4 d5 2. c4 e6 3. Nc3 Nf6 4. Bg5 Be7 5. e3 Nbd7 6. Nf3 h6 7. Bh4 O-O 8. cxd5
Nxd5 9. Bg3 c5 10. Bd3 cxd4 11. exd4 N7f6 12. O-O b6 13. Re1 Bb7 14. Rc1 Rc8
15. Ne5 Nxc3 16. bxc3 Qd5 17. Bf1 Rfd8 18. Bh4 Rc7 19. a4 Ne4 20. Bxe7 Rxe7 21.
Re3 Rc7 22. Qg4 Rdc8 23. Rf3 Nxc3 24. Rcxc3 Rxc3 25. Rxf7 Qxe5 26. dxe5 Kxf7
27. h4 Rc1 28. Qe2 Rd8 29. Kh2 Kg8 30. Qb5 Bc6 31. Qa6 Bxa4 32. Qxa4 Rxf1 33.
Qxa7 Rxf2 34. Qxb6 {El blanco ofrece tablas} Rdd2 35. Qxe6+ Kh7 36. Kh3 {
Diagrama [#]} 1/2-1/2

[Event "XLII Abierto Internacional Ciudad de Se"]
[Site "Sevilla (SPAIN)"]
[Date "2017.01.16"]
[Round "4.5"]
[White "Alvarez Marquez, Johann Carlos"]
[Black "Burmakin, Vladimir"]
[Result "0-1"]
[WhiteElo "2404"]
[BlackElo "2526"]
[PlyCount "120"]
[EventDate "2017.01.13"]

1. d4 Nf6 2. c4 c6 3. Nc3 d5 4. Nf3 a6 5. Bg5 Ne4 6. h4 h6 7. Bf4 Qa5 8. Qb3
dxc4 9. Qxc4 Nd7 10. Ne5 Nxe5 11. Bxe5 Nd6 12. Qa4 Qxa4 13. Nxa4 Bf5 14. Nb6
Rd8 15. f3 Nc8 16. e4 Nxb6 17. exf5 Nd5 18. Kf2 e6 19. fxe6 f6 20. Bh2 Bd6 21.
Bxd6 Rxd6 22. Re1 Ke7 23. Bc4 Rhd8 24. Re4 Nb6 25. Bb3 Rxd4 26. Rhe1 c5 27. h5
c4 28. Bc2 Rxe4 29. Bxe4 Na4 30. Bxb7 Nxb2 31. Re2 Nd3+ 32. Kg3 Nc5 33. Bc6 Rd6
34. Ba8 c3 35. Rc2 Rd3 36. Kf2 Kxe6 37. Ke2 f5 38. f4 Kd6 39. a4 a5 40. Bf3
Rd2+ 41. Rxd2+ cxd2 42. Kxd2 Nxa4 43. Bd1 Nc5 44. Bc2 Ne4+ 45. Ke3 Ng3 46. Kf3
Nxh5 47. Bxf5 a4 48. Bc2 a3 49. Bb3 Nf6 50. Ke3 Nd5+ 51. Ke4 Nc3+ 52. Kf5 Ne2
53. Kg6 Nxf4+ 54. Kxg7 h5 55. Kf6 Nxg2 56. Kg5 h4 57. Kg4 Kc5 58. Kh3 Kb4 59.
Ba2 Nf4+ 60. Kxh4 Ne2 0-1

[Event "XLII Abierto Internacional Ciudad de Se"]
[Site "Sevilla (SPAIN)"]
[Date "2017.01.16"]
[Round "4.4"]
[White "Harutjunyan, Gevorg"]
[Black "Saric, Ante"]
[Result "1/2-1/2"]
[WhiteElo "2437"]
[BlackElo "2542"]
[PlyCount "28"]
[EventDate "2017.01.13"]

1. e4 e6 2. d4 d5 3. Nc3 Nf6 4. e5 Nfd7 5. f4 c5 6. Nf3 Nc6 7. Be3 Qb6 8. Na4
Qa5+ 9. c3 cxd4 10. b4 Qc7 11. Nxd4 Nxd4 12. Bxd4 Be7 13. Bd3 O-O 14. O-O b6 {
Diagrama [#]} 1/2-1/2

[Event "XLII Abierto Internacional Ciudad de Se"]
[Site "Sevilla (SPAIN)"]
[Date "2017.01.16"]
[Round "4.6"]
[White "Gleizerov, Evgeny"]
[Black "Perez Mitjans, Orelvis"]
[Result "1/2-1/2"]
[WhiteElo "2518"]
[BlackElo "2427"]
[PlyCount "65"]
[EventDate "2017.01.13"]

1. d4 Nf6 2. c4 c5 3. d5 e6 4. Nc3 exd5 5. cxd5 g6 6. Nf3 d6 7. g3 Bg7 8. Bg2
O-O 9. O-O Re8 10. Re1 a6 11. a4 Nbd7 12. Bf4 Ng4 13. Qc1 Nde5 14. Ne4 Nxf3+
15. Bxf3 Ne5 16. Bg2 Bf5 17. Nd2 g5 18. Bxe5 Bxe5 19. Nc4 Bd4 20. e3 Bg7 21. e4
Bg6 22. Ra3 Bd4 23. Rb3 Qf6 24. Qc2 b5 25. axb5 axb5 26. Rxb5 Reb8 27. Rxb8+
Rxb8 28. Rf1 g4 29. Qa4 h5 30. Qc6 Be5 31. Nb6 Qd8 32. Nc4 Qf6 33. Nb6 {
Diagrama [#]} 1/2-1/2

[Event "XLII Abierto Internacional Ciudad de Se"]
[Site "Sevilla (SPAIN)"]
[Date "2017.01.16"]
[Round "4.7"]
[White "Teran Alvarez, Ismael"]
[Black "Lemos, Damian"]
[Result "1/2-1/2"]
[WhiteElo "2378"]
[BlackElo "2516"]
[PlyCount "56"]
[EventDate "2017.01.13"]

1. e4 e5 2. Nf3 Nc6 3. Bb5 a6 4. Ba4 Nf6 5. O-O Be7 6. Re1 b5 7. Bb3 d6 8. c3
O-O 9. h3 Nb8 10. d4 Nbd7 11. Nbd2 Bb7 12. Bc2 Re8 13. Nf1 Bf8 14. Ng3 g6 15.
a4 c5 16. d5 c4 17. Bg5 h6 18. Be3 Qc7 19. Qd2 h5 20. Ra3 Reb8 21. Rea1 Nc5 22.
Bg5 Nh7 23. axb5 axb5 24. Bh6 Rxa3 25. Rxa3 Ra8 26. Rxa8 Bxa8 27. Be3 Nf6 28.
Qc1 Nfd7 {Diagrama [#]} 1/2-1/2

[Event "XLII Abierto Internacional Ciudad de Se"]
[Site "Sevilla (SPAIN)"]
[Date "2017.01.16"]
[Round "4.8"]
[White "Naranjo Moreno, Antonio"]
[Black "Petkov, Vladimir"]
[Result "0-1"]
[WhiteElo "2358"]
[BlackElo "2500"]
[PlyCount "74"]
[EventDate "2017.01.13"]

1. d4 Nf6 2. c4 e6 3. Nc3 d5 4. cxd5 exd5 5. Bg5 Nbd7 6. e3 c6 7. Bd3 Bd6 8.
Qc2 Nf8 9. Nge2 Ng6 10. Ng3 O-O 11. Nf5 Bxf5 12. Bxf5 h6 13. Bxf6 Qxf6 14. g3
Rfe8 15. O-O Nf8 16. a3 a5 17. Rab1 g6 18. Bh3 h5 19. Bg2 h4 20. e4 hxg3 21.
hxg3 Ne6 22. exd5 Nxd4 23. Qd3 c5 24. Rfe1 Kg7 25. Nb5 Be5 26. f4 Bd6 27. Nxd4
cxd4 {Diagrama [#]} 28. Rbd1 Re3 29. Rxe3 dxe3 30. Qd4 Qxd4 31. Rxd4 Rc8 32.
Re4 Rc2 33. b4 axb4 34. axb4 Bxb4 35. Kf1 Rf2+ 36. Kg1 Bc5 37. Kh2 e2 0-1

[Event "XLII Abierto Internacional Ciudad de Se"]
[Site "Sevilla (SPAIN)"]
[Date "2017.01.16"]
[Round "4.9"]
[White "Valenti, Giuseppe"]
[Black "Deepan, Chakkravarthy J"]
[Result "0-1"]
[WhiteElo "2123"]
[BlackElo "2485"]
[PlyCount "42"]
[EventDate "2017.01.13"]

1. e4 c5 2. Nf3 e6 3. d4 cxd4 4. Nxd4 a6 5. Nc3 b5 6. g3 Bb7 7. Bg2 h5 8. O-O
h4 9. Re1 Ne7 10. Bg5 hxg3 11. hxg3 f6 {Diagrama [#]} 12. e5 Bxg2 13. Kxg2 fxg5
14. Qf3 Nbc6 15. Ne4 Nd5 16. Nd6+ Bxd6 17. exd6 Nxd4 18. Qxd5 Nxc2 19. Rxe6+
dxe6 20. Qxe6+ Kf8 21. Rc1 Rh6 0-1

[Event "XLII Abierto Internacional Ciudad de Se"]
[Site "Sevilla (SPAIN)"]
[Date "2017.01.16"]
[Round "4.10"]
[White "Stany, G.A."]
[Black "Draghici Flutur*, Gavril"]
[Result "1-0"]
[WhiteElo "2485"]
[BlackElo "2123"]
[PlyCount "73"]
[EventDate "2017.01.13"]

1. e4 c5 2. Nf3 d6 3. Bb5+ Nd7 4. d4 cxd4 5. Qxd4 a6 6. Bxd7+ Bxd7 7. c4 Nf6 8.
Nc3 g6 9. Bg5 Bg7 10. Rc1 O-O 11. O-O Rc8 12. b3 b5 13. cxb5 axb5 14. Qb4 {
Diagrama [#]} Qe8 15. Rfe1 h6 16. Bxf6 Bxf6 17. Nd5 Bg7 18. Rxc8 Bxc8 19. e5
dxe5 20. Nxe5 Bb7 21. Nxe7+ Kh7 22. Qd6 Qa8 23. Nxf7 Be4 24. Qe6 Bc2 25. b4 Qa3
26. Nd5 Qb2 27. h4 Bb1 28. Re2 Qa1 29. Kh2 Bf5 30. Qe7 Bd3 31. Re6 Kg8 32. Nf6+
Bxf6 33. Nxh6+ Kh8 34. Qxf8+ Kh7 35. Rxf6 Qe5+ 36. f4 Qd5 37. Rf7+ 1-0

[Event "XLII Abierto Internacional Ciudad de Se"]
[Site "Sevilla (SPAIN)"]
[Date "2017.01.16"]
[Round "4.11"]
[White "Lopez Rodriguez, Fernando"]
[Black "Campora, Daniel H"]
[Result "0-1"]
[WhiteElo "2098"]
[BlackElo "2443"]
[PlyCount "54"]
[EventDate "2017.01.13"]

1. d4 Nf6 2. c4 e5 3. dxe5 Ng4 4. e4 h5 5. Nf3 Bc5 6. Bg5 Bxf2+ 7. Ke2 f6 8. h3
fxg5 9. hxg4 Bg3 10. Qd5 h4 11. e6 dxe6 12. Qxd8+ Kxd8 13. Nxg5 Ke7 14. Nc3 Nc6
15. Nf3 Ne5 16. Nxe5 Bxe5 17. Kd3 g5 18. Be2 Bd7 19. b4 Bc6 20. Bf3 Rhd8+ 21.
Kc2 Rd4 22. Kb3 a5 23. b5 a4+ 24. Nxa4 Bxb5 25. Nb2 Rd2 26. Rab1 {Diagrama [#]}
Rxb2+ 27. Rxb2 Ba4+ 0-1

[Event "XLII Abierto Internacional Ciudad de Se"]
[Site "Sevilla (SPAIN)"]
[Date "2017.01.16"]
[Round "4.13"]
[White "Calzetta Ruiz, Monica"]
[Black "Sundararajan, Kidambi"]
[Result "0-1"]
[WhiteElo "2191"]
[BlackElo "2420"]
[PlyCount "58"]
[EventDate "2017.01.13"]

1. e4 e5 2. Nf3 Nc6 3. Bb5 a6 4. Ba4 Nf6 5. d3 d6 6. c3 g6 7. Nbd2 Bg7 8. Nf1
Nh5 9. Bg5 f6 10. Bh4 O-O 11. Ne3 Nf4 12. Bb3+ Kh8 {Diagrama [#]} 13. g4 Na5
14. Bc2 d5 15. Bg3 dxe4 16. dxe4 Be6 17. h4 Qe8 18. h5 Rd8 19. Nd2 gxh5 20.
gxh5 Bh6 21. Qf3 Qb5 22. O-O-O Ne2+ 23. Kb1 Nxc3+ 24. Ka1 Nxd1 25. Rxd1 Bxe3
26. fxe3 Rxd2 27. Rxd2 Nc4 28. Bd3 Nxd2 29. Qe2 Qa4 0-1

[Event "XLII Abierto Internacional Ciudad de Se"]
[Site "Sevilla (SPAIN)"]
[Date "2017.01.16"]
[Round "4.15"]
[White "Palacios Perez*, Manuel"]
[Black "Pogorelov, Ruslan"]
[Result "0-1"]
[WhiteElo "2163"]
[BlackElo "2355"]
[PlyCount "102"]
[EventDate "2017.01.13"]

1. d4 Nf6 2. Nf3 e6 3. Bg5 h6 4. Bxf6 Qxf6 5. e4 g5 6. c3 Bg7 7. Na3 d6 8. Bd3
a6 9. O-O Nc6 10. Nc2 Bd7 11. Re1 g4 12. Nd2 h5 13. Ne3 Ne7 14. Qb3 b6 15. e5
dxe5 16. Be4 Rd8 17. dxe5 Qxe5 18. Qa3 Qd6 19. Qxd6 cxd6 20. Bb7 d5 21. Bxa6 b5
22. Nb3 Rb8 23. Nc5 Bc6 24. Nc2 Kd8 25. Nb4 Kc7 {Diagrama [#]} 26. a4 bxa4 27.
Nxa4 Kd6 28. Nxc6 Nxc6 29. Ra2 Rb3 30. Be2 Ne5 31. Rd1 Rc8 32. Rda1 Nc4 33. Bd1
Rbb8 34. Rc1 Rc6 35. b3 Nb6 36. Nxb6 Rbxb6 37. Ra7 Rxc3 38. Rxc3 Bxc3 39. Rxf7
Ra6 40. Kf1 Ra1 41. Ke2 Ra2+ 42. Kd3 Be1 43. Bc2 e5 44. f3 e4+ 45. fxe4 dxe4+
46. Ke2 Rxc2+ 47. Kxe1 Rxg2 48. b4 Rxh2 49. b5 Kc5 50. Re7 g3 51. Rxe4 Rh1+ 0-1

[Event "XLII Abierto Internacional Ciudad de Se"]
[Site "Sevilla (SPAIN)"]
[Date "2017.01.16"]
[Round "4.16"]
[White "Chueca Forcen, Alberto"]
[Black "Gaitan Ramirez, Alfonso"]
[Result "1-0"]
[WhiteElo "2351"]
[BlackElo "1938"]
[PlyCount "103"]
[EventDate "2017.01.13"]

1. d4 g6 2. Bf4 Bg7 3. e3 d6 4. Nf3 Nd7 5. Bc4 c6 6. O-O d5 7. Be2 Ngf6 8. c4
dxc4 9. Bxc4 Nb6 10. Be2 Bg4 11. Nc3 Nfd5 12. Be5 O-O 13. Bxg7 Kxg7 14. h3 Bxf3
15. Bxf3 Nxc3 16. bxc3 Qc7 17. Qb3 Rab8 18. Rfb1 e5 19. a4 f5 20. a5 Nd7 21.
Rb2 e4 22. Bd1 Rf6 23. Qa3 Qd6 24. Qxd6 Rxd6 25. Rab1 b6 26. axb6 Rxb6 27. Rxb6
Nxb6 28. Ra1 Rd7 29. Ra5 Kf6 30. g4 Nd5 31. Rc5 Rd6 32. Ba4 Ne7 33. Ra5 Rd7 34.
Kg2 Ke6 35. Kg3 Rc7 36. Ra6 Kd7 37. c4 Kc8 38. Kf4 Kb7 39. Ra5 Kb6 40. Rc5 a6
41. Kg5 Nc8 42. gxf5 gxf5 43. Rxf5 c5 44. d5 Ka5 45. Bc2 Nd6 46. Rf6 Nxc4 47.
Bxe4 {Diagrama [#]} Nd2 $2 48. Bf5 Nf3+ 49. Kf4 Nh4 50. d6 Rg7 51. d7 Rg8 52.
Rc6 1-0

[Event "XLII Abierto Internacional Ciudad de Se"]
[Site "Sevilla (SPAIN)"]
[Date "2017.01.16"]
[Round "4.17"]
[White "Iagar, Razvan-Gabriel"]
[Black "Damia, Angelo"]
[Result "0-1"]
[WhiteElo "2150"]
[BlackElo "2233"]
[PlyCount "102"]
[EventDate "2017.01.13"]

1. d4 Nf6 2. c4 e6 3. Nf3 a6 4. g3 b5 5. Qc2 Bb7 6. Bg2 Nc6 7. Be3 Bb4+ 8. Nbd2
Bxd2+ 9. Qxd2 bxc4 10. Ne5 d5 11. Nxc6 Bxc6 12. Rc1 Bd7 13. Bf4 Nh5 14. Bg5 f6
{Diagrama [#]} 15. Bf3 fxg5 16. Bxh5+ g6 17. Bf3 Rb8 18. h4 gxh4 19. Rxh4 Qe7
20. Kf1 O-O 21. Kg2 Rf7 22. b3 cxb3 23. axb3 Bb5 24. Qe3 Rbf8 25. Qe5 c6 26.
Rch1 Rf5 27. Qe3 R8f7 28. g4 R5f6 29. Qe5 Rg7 30. Rh6 Rf8 31. R1h3 Qf6 32. Qe3
Re7 33. R6h4 Qf4 34. Qxf4 Rxf4 35. e3 Rff7 36. Bd1 e5 37. dxe5 Rxe5 38. Bc2 d4
39. b4 Bc4 40. e4 a5 41. bxa5 Rxa5 42. Bd3 Be6 43. f4 Rxf4 44. Rxh7 Rxg4+ 45.
Kf3 Ra3 46. Rh8+ Kf7 47. R3h7+ Kf6 48. Ke2 Rg2+ 49. Kf1 Rd2 50. Be2 Ra1+ 51.
Kf2 Raa2 0-1

[Event "XLII Abierto Internacional Ciudad de Se"]
[Site "Sevilla (SPAIN)"]
[Date "2017.01.16"]
[Round "4.18"]
[White "Chacon Perez, Juan"]
[Black "Krockenberger, Martin"]
[Result "1/2-1/2"]
[WhiteElo "2002"]
[BlackElo "2219"]
[PlyCount "67"]
[EventDate "2017.01.13"]

1. e4 e6 2. d4 d5 3. Nc3 Bb4 4. e5 c5 5. a3 Bxc3+ 6. bxc3 Ne7 7. Qg4 cxd4 8.
Qxg7 Rg8 9. Qxh7 Qc7 10. Ne2 Nbc6 11. f4 dxc3 12. Qd3 d4 13. Nxd4 Nxd4 14. Qxd4
Bd7 15. Rg1 Nf5 16. Qf2 Qc6 17. Bd3 Qd5 18. Rb1 Bc6 19. Rb3 O-O-O 20. Rxc3 Kb8
21. g4 Nd4 22. Rg3 Qh1+ 23. Bf1 Qe4+ 24. Be3 Nb5 25. Rb3 a6 26. c4 Nxa3 27. Bd3
Rxd3 28. Rxd3 Nxc4 29. Qe2 Nxe3 30. Qxe3 Qh1+ 31. Qg1 Qe4+ 32. Qe3 Qh1+ 33. Qg1
Qe4+ 34. Qe3 {Diagrama [#]} 1/2-1/2